|
|
|
|
| LEADER |
00988nam a2200253 a 4500 |
| 001 |
16775045 |
| 008 |
120704s2012 enk b 001 0 eng |
| 010 |
|
|
|a 2011020604
|
| 020 |
|
|
|a 9780470657324 (pbk. : alk. paper)
|
| 040 |
|
|
|a DLC
|c DLC
|d BD-DhAAL
|
| 050 |
0 |
0 |
|a JA75.8
|b .R63 2012
|
| 082 |
0 |
0 |
|a 304.2
|2 23
|
| 100 |
1 |
|
|a Robbins, Paul,
|d 1967-
|
| 245 |
1 |
0 |
|a Political ecology :
|b a critical introduction /
|c Paul Robbins.
|
| 250 |
|
|
|a 2nd ed.
|
| 260 |
|
|
|a Chichester, West Sussex ;
|a Malden, MA :
|b J. Wiley & Sons,
|c 2012.
|
| 300 |
|
|
|a ix, 288 p :
|b ill. ;
|c 25 cm.
|
| 490 |
0 |
|
|a Critical introductions to geography
|
| 504 |
|
|
|a Includes bibliographical references and index.
|
| 541 |
|
|
|e 00025561
|
| 650 |
|
0 |
|a Political ecology.
|
| 852 |
1 |
|
|a Ayesha Abed Library
|c General shelf.
|
| 999 |
|
|
|c 12498
|d 12498
|
| 952 |
|
|
|0 0
|1 0
|2 ddc
|4 0
|6 304_200000000000000_ROB
|7 0
|9 20656
|a IGS
|b IGS
|c GEN
|d 2012-07-03
|e karim International
|g 3690.00
|l 1
|m 3
|o 304.2 ROB
|p 3010025561
|r 2014-06-09
|s 2012-12-31
|t 1
|w 2012-07-05
|y BK
|